|
|
|
|
| LEADER |
01171nam a22003012a 4500 |
| 001 |
000821589 |
| 003 |
CZ BrMZK |
| 005 |
20060712094741.0 |
| 007 |
ta |
| 008 |
060712s1982 xr er|||||||||||cze d |
| 040 |
|
|
|a ABA001
|b cze
|c ABA001
|d ABA001
|d BOA001
|
| 080 |
|
|
|a 519.17(075)
|2 undef
|
| 100 |
1 |
|
|a Kolář, Josef,
|d 1943-
|7 ntka172961
|4 aut
|
| 245 |
1 |
0 |
|a Algebra a grafy :
|b určeno pro stud. fak. elektrotechn. /
|c Josef Kolář
|
| 250 |
|
|
|a 1. vyd.
|
| 260 |
|
|
|a Praha :
|b ČVUT,
|c 1982
|e (Karviná :
|f MTZ 23)
|
| 300 |
|
|
|a 231 s. :
|b obr., tb. ;
|c 29 cm
|
| 500 |
|
|
|a Věcný rejstřík
|
| 500 |
|
|
|a 1000 výt.
|
| 504 |
|
|
|a Bibliografie na s. 226-227
|
| 910 |
|
|
|a BOA001
|b TK-A-0210.481
|
| 990 |
|
|
|a BK
|
| 995 |
|
|
|a 01
|
| 991 |
|
|
|b 200607
|
| 996 |
6 |
|
|b BC-335190
|c TK-A-0210.481
|l MZK
|r Sklad / do 24 hodin
|n 0
|w 000821589
|u 000020
|a 1
|e BOA001
|j MZK50
|s P
|
| 996 |
6 |
|
|b BC-335191
|c TK-A-0210.481
|l MZK
|r Sklad / do 24 hodin
|n 0
|w 000821589
|u 000030
|a 1
|e BOA001
|j MZK50
|s P
|
| 996 |
6 |
|
|b BC-335192
|c TK-A-0210.481
|l MZK
|r Sklad / do 24 hodin
|n 0
|w 000821589
|u 000040
|a 1
|e BOA001
|j MZK50
|s P
|
| 996 |
6 |
|
|b BC-335193
|c TK-A-0210.481
|l MZK
|r Sklad / do 24 hodin
|n 0
|w 000821589
|u 000050
|a 1
|e BOA001
|j MZK50
|s P
|